000
00298nam a2200133Ia 4500
005
20251222155116.0
008
251222s9999||||xx |||||||||||||| ||spa||
082
_a
MEQ. 18
100
_a
JANSEN.
245
0
_a
FisiopatologĂa ClĂnica
250
_a
2da. ed.
264
_b
El ateneo
942
_c
LIB
999
_c
38247
_d
38247